000 00647nam a2200229 i 4500
001 bgj
100 1 _aDICKENS, Charles
_d(1812-1870)
245 1 0 _aDombey and son /
_cCharles Dickens ; with an afterword by Alan Pryce-Jones.
260 _aNew York :
_bThe New American Library,
_c1964.
300 _aIX, 918 pp ;
_c18 cm.
650 9 _aFamily-owned business enterprises
650 9 _aBusinesspeople
650 9 _aProblem families
650 9 _aDomestic fiction
651 9 _aEngland
655 _aFiction
700 1 _aPRYCE-JONES, Alan
040 _cBPK
041 0 _aeng
942 _cKS
008 s uk f |000 0 eng
999 _c48848
_d48848
856 _uhttp://koha.tu.koszalin.pl/cgi-bin/koha/opac-detail.pl?biblionumber=48848
_yKatalog online BPK